| 000 | 00833cam a2200217 4500 | ||
|---|---|---|---|
| 001 | WB3634-02 | ||
| 008 | 000000n2000 000 0 eng u | ||
| 035 | _a(Sirsi) u108046 | ||
| 245 | _aConstruction losing out | ||
| 260 | _c2000 | ||
| 490 |
_aNew Civil Engineer _v1367 24/31 August 2000, 7(1) |
||
| 520 | _aReport shows that British construction companies are losing money in export business because of their failure to forge links with trade associations and government. The sector partnership report: promotion and development of export trade can be ordered from Trade Partners UK, www.tradepartners.co.uk | ||
| 590 | _aWB | ||
| 650 | _aEXPORTING | ||
| 650 | _aCONTRACTORS | ||
| 650 | _aCONSTRUCTION COMPANIES | ||
| 650 | _aTRADE ASSOCIATIONS | ||
| 650 | _aPARTNERING | ||
| 690 | _aBUILT ENVIRONMENT | ||
| 942 | _n0 | ||
| 999 |
_c64549 _d64549 |
||